000 00863nam a2200217Ia 4500
999 _c39843
_d39843
001 6448
003 GE_BSU
005 20191021171619.0
008 181216s1993||||ge |||||||||||||| ||geo||
040 _cGE_BSU
041 _ageo
080 _a821.353.1-1 ბ-52
100 _aბერიძე, სანდრო
_94725
245 _aთეთრი ქორწილი :
_bლექსები /
_cსანდრო ბერიძე ; რედ. ზ. ფირცხალაიშვილი.
264 _aბათუმი :
_bაჭარა ;
_c1993.
300 _a118 გვ. :
_bფოტო გარეკანზე ;
_c20 სმ.
653 _aთეთრი ქორწილი
653 _aლექსები
700 _aფირცხალაიშვილი, ზ.
_eრედაქტორი
_93678
942 _cBK
_2udc